000 00718nam a2200217 a 4500
001 78244
003 BD-RjUL
005 20211209083116.0
008 210826s1987 bg ||||| |||| 00| 0 ben d
035 _a(BD-RjUL)78470
040 _aBD-RjUL
_bben
_cBD-RjUL
041 _aben
082 _223
_a891.44092
_bRAS 1987
100 _aরায়, অজয়
_9247176
245 1 0 _aসত্যেন সেন /
_cঅজয় রায়
260 _aঢাকা :
_bবাংলা একাডেমী,
_c১৯৮৭
300 _a৭৭ পৃ.:
_bচিত্রসমূহ;
_c২২ সেমি.
600 _aসেন , সত্যেন
_9247179
600 _aSena, Satyena
_9247180
942 _2ddc
_cBK
999 _c78244
_d78244